Super Smash Bros. Things from the Wii - Statistics

General Stats
  • This quiz has been taken 27 times
  • The average score is 10 of 21
Answer Stats
Type Game Answer % Correct
Fighter Xenoblade Chronicles Shulk
96%
Fighter Wii Sports Mii Brawler
92%
Fighter Wii Sports Mii Gunner
92%
Fighter Wii Sports Mii Swordfighter
92%
Fighter Super Mario Galaxy Rosalina & Luma
92%
Fighter Wii Fit Wii Fit Trainer
88%
Assist Trophy The Legend of Zelda: Skyward Sword Ghirahim
48%
Item Super Mario Galaxy Super Launch Star
48%
Stage Xenoblade Chronicles Gaur Plains
44%
Item The Legend of Zelda: Skyward Sword Beetle
40%
Stage Super Mario Galaxy Mario Galaxy
40%
Stage Animal Crossing: City Folk Town and City
40%
Stage Wii Fit Wii Fit Studio
40%
Stage The Legend of Zelda: Skyward Sword Skyloft
36%
Assist Trophy Xenoblade Chronicles Riki
28%
Item The Legend of Zelda: Skyward Sword Gust Bellows
24%
Stage Metroid: Other M Pyrosphere
24%
Stage Donkey Kong Country Returns Jungle Hijinxs
20%
Smash Tour Enemy Xenoblade Chronicles Metal Face
20%
Stage Wii Fit Wuhu Island
12%
Smash Run Enemy Donkey Kong Country Returns Tiki Buzz
8%
No matching quizzes found
Score Distribution
Percent of People with Each Score
Percentile by Number Answered
Your Score History
You have not taken this quiz